แสดงรายละเอียดบรรณานุกรม
  กลับหน้าหลัก

Brief Record : Get Marc (ISO 2709) : E-mail record : QR code ปิดหน้าต่าง
LEADER 00000nam 2200000uu 4500
008    110902s2554||||th 000 0 tha d
060  0 วจ WL 103.7 ก682ค 2554.
100 0  ^aกิรณา แต้อารักษ์.
245 00 ^aรายงานการวิจัยเรื่อง ความต่อเนื่องของการปฏิบัติสมาธิตามโปรแกรมการเปลี่ยนแปลงจิตสำนึก เพื่อคลายเครียดของนักศึกษาชั้นปีที่ 1 วิทยาลัยการสาธารณสุขสิรินธร จังหวัดขอนแก่น./^bกิรณา แต้อารักษ์,ชมพูนุท สิริพรหมภัทร,เทพไทย โชติชัย.
260    ^aขอนแก่น :^bวิทยาลัยการสาธารณสุขสิรินธร จังหวัดขอนแก่น,^c2554.
300    ^aจำนวน 84 หน้า ;^bภาพประกอบ.
650  0 ^aอาการทางจิต.
650  0 ^aการปฏิบัติสมาธิ.
650  0 ^aการเปลี่ยนแปลงจิตสำนึก.
700 0  ^aชมพูนุท สิริพรหมภัทร.
700 0  ^aเทพไทย โชติชัย.
710 1  ^aจังหวัดขอนแก่น. วิทยาลัยการสาธารณสุขสิรินธร.
999    ^aใช้งานได้ทุกระบบ
รายการนี้ยังไม่มีแท็ก
คุณยังไม่ได้ล็อกอิน คุณสามารถมีกิจกรรมร่วมกับเว็บไซต์ได้ แต่ต้องล็อกอินก่อน ::
  ล็อกอิน
ลำดับที่ ประเภท เลขเรียก สถานที่ สถานะ
1. งานวิจัย
งานวิจัย
วจ WL 103.7 ก682ค 2554  
  
หนังสือทั่วไป On Shelf
  ขอยืม
   [แสดง 1/1 รายการ]

BibComment


ยังไม่เคยถูกคอมเมนท์

คอมเมนท์ทรัพยากรรายการนี้
  คอมเมนท์: รายงานการวิจัยเร..
Bib 206363

 
 
 

 Union Library Management : ULibM
Copyright 2026. All Rights Reserved.
скачать бесплатно без регистрации порно красивый секс HD Sex Hindi sex

xxx gou

xxxx

bfxxx

xxxwww

Секса Видео

xxxx

Секса Видео

detube

geilexxx

C99 Shell

worms shell

blod xxx video
Ebony Coed Rihanna Rimes Takes A Dick In Her Young Twat priyaa indian fuck anal and pusssy hardcore indian women xxx desi hardcore fucking part 1 bengalixxxcouple